Compendio de Química fisiológica / (Record no. 26336)
[ view plain ]
| 000 -LEADER | |
|---|---|
| campo de control de longitud fija | 00516nam a2200145 i 4500 |
| 001 - NÚMERO DE CONTROL | |
| campo de control | 26336 |
| 003 - IDENTIFICADOR DE NÚMERO DE CONTROL | |
| campo de control | ES-MaACL |
| 007 - CAMPO FIJO DE DESCRIPCIÓN FÍSICA--INFORMACIÓN GENERAL | |
| campo de control de longitud fija | t| |
| 008 - DATOS DE LONGITUD FIJA--INFORMACIÓN GENERAL | |
| campo de control de longitud fija | 030108s1927 sp ||||1| spa d |
| 100 1# - ENTRADA PRINCIPAL--NOMBRE DE PERSONA | |
| Nombre de persona | Arthus, Maurice. |
| 9 (RLIN) | 23462 |
| 245 10 - MENCIÓN DEL TÍTULO | |
| Título | Compendio de Química fisiológica / |
| Mención de responsabilidad, etc. | por Maurice Arthus ; segunda edición española traducida de la décima edición francesa. |
| 260 ## - PUBLICACIÓN, DISTRIBUCIÓN, ETC. | |
| Lugar de publicación, distribución, etc. | Barcelona : |
| Nombre del editor, distribuidor, etc. | [s.n., |
| Fecha de publicación, distribución, etc. | 1927] ( |
| Fabricante | Estab. Tipográfico Salvat) |
| 300 ## - DESCRIPCIÓN FÍSICA | |
| Extensión | VIII, 473 p., 6 lám. ; |
| Dimensiones | 22 cm. |
| 852 ## - LOCALIZACIÓN | |
| Ubicación | ES-MaACL |
| Número de control de estantería | B-9240 |
| Sublocalización o colección | R.18282 |
| Estatus retirado | Estado de pérdida | Estado de daño | No para préstamo | Biblioteca de origen | Biblioteca actual | Ubicación en estantería | Fecha de adquisición | Fuente de adquisición | Total de préstamos | Signatura topográfica completa | Código de barras | Visto por última vez | Precio de reemplazo | Tipo de ítem Koha |
|---|---|---|---|---|---|---|---|---|---|---|---|---|---|---|
| Biblioteca del Ateneo de Madrid | Biblioteca del Ateneo de Madrid | Sala Pardo Bazán | 17/01/2008 | B-9240 | 1027178 | 23/02/2023 | 23/02/2023 | Libro impreso |
